| 000 | 00431nam a2200169Ia 4500 | ||
|---|---|---|---|
| 008 | 230917s9999||||xx |||||||||||||| ||und|| | ||
| 020 | _cGBP62 | ||
| 040 |
_e221266 _aMAIN |
||
| 041 | _aEnglish | ||
| 082 | _a579 S13M | ||
| 100 | _aSchaechter, Moselio | ||
| 245 | 0 | _aMicrobe | |
| 260 |
_aWashington, DC _bASM Press _c2006 |
||
| 300 | _axxiii, 534 p. | ||
| 500 | _a1728 24/12/2014 APD1010660 26/12/2014 Main Budget | ||
| 942 | _cBK | ||
| 999 |
_c12981 _d12981 |
||